UK Constituencies - South West England - Statistics

General Stats
  • This quiz has been taken 13 times
  • The average score is 24 of 58
Answer Stats
Constituency % Correct
Bath
78%
Exeter
78%
Poole
78%
Yeovil
78%
Bournemouth East
56%
Bournemouth West
56%
Bristol Central
56%
Gloucester
56%
North Cornwall
56%
North Dorset
56%
South Dorset
56%
St Ives
56%
Torbay
56%
Bristol East
44%
Bristol North East
44%
Bristol North West
44%
Bristol South
44%
Cheltenham
44%
Christchurch
44%
Newton Abbot
44%
North Cotswolds
44%
North Devon
44%
Salisbury
44%
South Cotswolds
44%
South Devon
44%
South East Cornwall
44%
St Austell and Newquay
44%
Weston-super-Mare
44%
Camborne and Redruth
33%
Central Devon
33%
East Wiltshire
33%
Exmouth and Exeter East
33%
Forest of Dean
33%
Frome and East Somerset
33%
Glastonbury and Somerton
33%
Honiton and Sidmouth
33%
Mid Dorset and North Poole
33%
Plymouth Moor View
33%
Plymouth Sutton and Devonport
33%
South West Devon
33%
South West Wiltshire
33%
Swindon North
33%
Swindon South
33%
Tewkesbury
33%
Thornbury and Yate
33%
Tiverton and Minehead
33%
Torridge and Tavistock
33%
Truro and Falmouth
33%
West Dorset
33%
Chippenham
22%
Filton and Bradley Stoke
22%
Melksham and Devizes
22%
North East Somerset and Hanham
22%
North Somerset
22%
Stroud
22%
Taunton and Wellington
22%
Wells and Mendip Hills
22%
Bridgwater
11%
No matching quizzes found
Score Distribution
Percent of People with Each Score
Percentile by Number Answered
Your Score History
You have not taken this quiz